Tréner Kolesár tvrdí: Zbytočne dlhá prestávka Volejbalistky čaká kvalifikácia o postup do I. SNL

Bibliographic Details
Main Author: JS (Author)
Corporate Author: TJ VSŽ Košice (Author)
Format: Article
Language:Slovak
Subjects:

MARC

LEADER 00000nab a2200000 a 4500
001 vtls000912789
003 SK-MaSNL
005 20260302174408.0
008 040720e19910531xo 0 slo
035 |a KE21693 
040 |a KEVKJB  |b slo  |c KEVKJB  |e AACR2 
041 0 |a slo 
044 |a xo  |c SK 
080 |a 796.323  |2 1981 
100 0 |a JS  |4 aut  |9 786531 
245 1 0 |a Tréner Kolesár tvrdí: Zbytočne dlhá prestávka  |b Volejbalistky čaká kvalifikácia o postup do I. SNL 
610 2 7 |a TJ VSŽ Košice (Slovensko)  |2 KEVKJB  |9 270203 
650 0 7 |a oddiely športové  |2 KEVKJB  |9 882339 
650 0 7 |a basketbal  |2 KEVKJB  |9 3290 
650 0 7 |a majstrovstvá republiky  |2 KEVKJB  |9 873856 
650 0 7 |a umiestnenie  |2 KEVKJB  |9 873446 
651 7 |a Uherský Brod (Česko)  |2 KEVKJB  |9 30908 
651 7 |a KE,  |2 KEVKJB  |9 877256 
655 7 |a periodikum  |2 snkbucl  |9 29553 
710 2 |a TJ VSŽ Košice  |4 aut  |9 879686 
773 0 8 |t Oceľ východu  |g Roč. 31  |g Roč. 28, č.22, 31.5.1991, s. 6 
852 |a ZVYKNI  |b KIS3GCP 
999 |c 1403947  |d 1405877